000 00515nam a2200181Ia 4500
005 20250923144340.0
008 008 250917s9999 xx 000 0 eng d
037 _aTextual
040 _aDSWL
_beng
_cDSWL
041 _aeng
_2eng
084 _aX:9, H8
_qDSWL
100 _aHacker, Louis M.
_9823950
245 0 _aNew industrial relations
_cby Louis M. Hacker
260 _aNew York
_b Cornell Univ Press
_c1948
300 _a150 p.
942 _cTEXL
_hX:9, H8
999 _c1437750
_d1437750